Estudios sobre el nacimiento y desarrollo del capitalismo / (Record no. 185482)

MARC details
000 -LEADER
campo de control de longitud fija 00899nam a2200241 i 4500
001 - NÚMERO DE CONTROL
campo de control 185482
003 - IDENTIFICADOR DE NÚMERO DE CONTROL
campo de control SpMaBN
005 - FECHA Y HORA DE LA ÚLTIMA TRANSACCIÓN
campo de control 20250818042554.0
008 - DATOS DE LONGITUD FIJA--INFORMACIÓN GENERAL
campo de control de longitud fija 160610s1978 sp |||| | spa d
020 ## - NÚMERO INTERNACIONAL ESTÁNDAR DEL LIBRO
Número Internacional Estándar del Libro 84-336-0142-3
080 ## - NÚMERO DE LA CLASIFICACIÓN DECIMAL UNIVERSAL
Número de la Clasificación Decimal Universal 330.342.14(04)
245 00 - MENCIÓN DEL TÍTULO
Título Estudios sobre el nacimiento y desarrollo del capitalismo /
Mención de responsabilidad, etc. David S. Landes, Pierre Vilar, Christopher Hill ... [et al.] ; [traductores, Jorge Fabra Utray, Leopoldo Pérez Pita y Geneviève Corcelle].
260 ## - PUBLICACIÓN, DISTRIBUCIÓN, ETC.
Lugar de publicación, distribución, etc. Madrid :
Nombre del editor, distribuidor, etc. Ayuso,
Fecha de publicación, distribución, etc. [1978]
300 ## - DESCRIPCIÓN FÍSICA
Extensión 193 p. ;
Dimensiones 20 cm.
490 1# - MENCIÓN DE SERIE
Mención de serie Ayuso.
-- Historia ;
Designación de volumen o secuencia 4
650 07 - PUNTO DE ACCESO ADICIONAL DE MATERIA--TÉRMINO DE MATERIA
Término de materia o nombre geográfico como elemento de entrada Capitalismo.
9 (RLIN) 10760
700 1# - ENTRADA AGREGADA--NOMBRE PERSONAL
Nombre de persona Landes, David S.
9 (RLIN) 69945
700 1# - ENTRADA AGREGADA--NOMBRE PERSONAL
Nombre de persona Vilar, Pierre,
Fechas asociadas al nombre 1906-2003
9 (RLIN) 114800
700 1# - ENTRADA AGREGADA--NOMBRE PERSONAL
Nombre de persona Hill, Christopher.
9 (RLIN) 63696
830 0# - PUNTO DE ACCESO ADICIONAL DE SERIE-TÍTULO UNIFORME
Título uniforme Ayuso.
-- Historia ;
Designación de volumen o secuencia 4
9 (RLIN) 225225
852 ## - LOCALIZACIÓN
Ubicación ES-MaACL
Número de control de estantería L-30370
Nota libre . - Donat. Miguel A. Velasco
Holdings
Estatus retirado Estado de pérdida Estado de daño No para préstamo Biblioteca de origen Biblioteca actual Ubicación en estantería Fecha de adquisición Fuente de adquisición Total de préstamos Signatura topográfica completa Código de barras Visto por última vez Precio de reemplazo Tipo de ítem Koha
        Biblioteca del Ateneo de Madrid Biblioteca del Ateneo de Madrid Depósito 2 10/06/2016     L-30370 1195421 23/02/2023 23/02/2023 Libro impreso